000 00927nmm a2200301 a 4500
003 AR-BaBNM
005 20251128210712.0
008 081020s1999 ||||||||||||||000 | spa||
020 _a987-9191-56-0
040 _cAR-BaBNM
100 1 _aRexach, Vera
245 1 0 _aYendo de la tiza al mouse
_bmanual de informática educativa para docentes no informáticos
250 _a2ª ed.
260 _aBuenos Aires
_bEdiciones Novedades Educativas
_c1999
300 _a320 p.
_bil., gráfs., tablas
500 _aContiene referencias bibliográficas
500 _aEl presente material se complementa con un CD-ROM
650 4 _aINFORMATICA
650 4 _aJUEGOS EDUCATIVOS
650 4 _aPROGRAMAS INFORMATICOS
650 4 _aTECNOLOGIA EDUCATIVA
653 _aMULTIMEDIA
653 _aCAPACITACION DOCENTE
653 _aEDUCACION GENERAL BASICA
700 1 _aAsinsten, Juan Carlos
942 _cBK
998 _cRAQUEL
999 _c16512
_d16512